| 000 | 003580000a22001570004500 | ||
|---|---|---|---|
| 001 | 002991 | ||
| 003 | MACL | ||
| 040 | _aMACL | ||
| 090 |
_c14984 _d14983 |
||
| 100 | _aMishr, Ramprasad | ||
| 245 |
_aIndia's Unity Culture And Contribution _cRamprasad Mishr |
||
| 260 |
_aIndian Publishers, _c2000 |
||
| 350 | _a295 | ||
| 650 | _aReligion | ||
| 942 |
_k295 _cBook |
||
| 999 |
_c14897 _d14897 |
||